Historia económica de Europa : el nacimiento de las sociedades industriales /

Se hace un análisis de los procesos industrializadores por naciones y la comparación entre ellos. Se analiza la evolución de los primeros países industrializados de Europa: Francia, Alemania, de los Habsburgo, Italia y los Países Bajos, durante la revolución del carbón, del algodón, del hierro, de l...

Descripción completa

Guardado en:
Detalles Bibliográficos
Autor principal: Cipolla, Carlo M. (ed.)
Otros autores: Mettini, Rubén (traducción) (traducción), Hierro, Ignacio (traducción) (traducción)
Formato: Libro
Idioma:Español
Publicado: Barcelona, España : Ariel, 1982, c1981
Colección:(Ariel Historia ; 19, 20)
Temas:
Etiquetas: Agrega una etiqueta
Sin etiquetas, Sé el primero en etiquetar este registro!

MARC

LEADER 00000nam^a2200000^a^4500
001 000000985
005 20250521000000.0
009 20260310083048.616
020 |a 84-344-6536-1 
020 |a 84-344-6537-X 
037 |a Acervo ITESO - Biblioteca 
041 |a ESP 
082 |a 330. 940  |b CIP V. 4 
100 |a Cipolla, Carlo M.  |e (ed.) 
240 1 1 |a [Historia económica de Europa, de Carlo M. Cipolla] 
245 1 0 |a Historia económica de Europa :  |b el nacimiento de las sociedades industriales /  |c Ed. de C.M. Cipolla ; tr. por R. Mettini, I. Hierro. 
264 4 |a Barcelona, España :  |b Ariel,  |c 1982, c1981 
300 |a 2 v. (399, 488 p.) 
336 |a texto  |b txt  |2 rdacontenido 
337 |a sin mediación  |b n  |2 rdamedio 
338 |a volumen  |b nc  |2 rdasoporte 
440 1 |a (Ariel Historia ;  |v 19, 20) 
500 |a Traducción de: The Fontana Economic History of Europe: The Emergence of Industrial Societies 
520 |a Se hace un análisis de los procesos industrializadores por naciones y la comparación entre ellos. Se analiza la evolución de los primeros países industrializados de Europa: Francia, Alemania, de los Habsburgo, Italia y los Países Bajos, durante la revolución del carbón, del algodón, del hierro, de la electricidad y del motor de combustión interna. 
649 |a XX 
650 |a Industria -  |z Europa -  |x Historia -  |x Tema Principal 
650 |a Economía -  |z Europa -  |x Historia -  |y Siglo XVIII 
650 |a Economía -  |z Europa -  |x Historia -  |y Siglo XIX 
650 |a Economía -  |z Europa -  |x Historia -  |x Tema Principal 
700 |a Mettini, Rubén  |e (traducción) 
700 |a Hierro, Ignacio  |e (traducción) 
910 |a Fondo General 
920 |a Impresos - Libros 
930 |a Colección General 
905 |a 101 
901 |a 0009850100  |b IT1  |c ACC  |i 000985  |u 20250521 
901 |a 0500089379  |b IT1  |c ACC  |u 20250521 
902 |a https://opac.biblio.iteso.mx/vufind/Record/000000985